Färöer A-Z - Statistiken

Allgemein
  • Dieses Quiz wurde 41 mal gespielt
  • Das Durchschnittsergebnis liegt bei 10 aus 26
Antwortstatistiken
# Hinweis Antwort % Korrekt
D Die Färöer sind autonomer Teil dieses Landes Dänemark
95%
K Währung Färöische {Krone}
92%
C Der norwegische König Olav Tryggvason und der färöische Häuptling Sigmundur Brestisson führten um das Jahr 1000 diese Religion auf den Färöern ein Christentum
79%
N Die Färöer gehörten vor der Union von Kalmar zu diesem Land Norwegen
79%
I Mönche aus diesem Land besiedelten die Färöer im 6./7. Jahrhundert Irland
77%
X Stadtteil New Yorks der nach dem vermeintlich färöischen Siedler Jonas Bronck benannt ist
Endet auf ein X
Bronx
74%
Q Buchstabe der in der färöischen Sprache nicht vorkommt Q
74%
W Gruppen von Kriegern und Händlern die die Färöer besiedelten Wikinger
72%
U Internationaler Fußballverband dem die Färöer angehören UEFA
69%
T Hauptstadt Tórshavn
62%
F Einheimische Ethnie Färinger
41%
Z Während dieses Konflikts stimmten die Bewohner mit einer Mehrheit von 48,7% der Stimmen für die Unabhängigkeit von #D Zweiter Weltkrieg
41%
R Gruppe heimischer Säugetiere Robben
33%
A Nationalvogel {Austern}fischer
28%
G Traditionelle Form des gemeinsamen Walfangs Grindadráp
15%
V Insel Vágar
13%
H Das Archipel besteht aus 18 Inseln, 11 ______ und mehreren hundert Schären Holmen
10%
M Westlichste Insel Mykines
10%
Y HauptinselEnthält ein und endet auf ein Y Streymoy
10%
L Parlament Løgting
8%
O Älteste KircheDirekt neben der unvollendeten Magnus-Kathedrale Ólavskirkjan
8%
B Mönch aus #I der um 560 auf seinen legendären Fahrten ein "Vogelparadies" südlich einer "Feuerinsel" besuchte, welches mit den Färöern identifiziert wird Brendan
5%
S Höchster Berg Slættaratindur
5%
E Zweitgrößte Insel Eysturoy
3%
J Färöischer Linguist der eine wichtige Rolle beim Erhalt der färöischen Sprache spielte und bekannt für seine Aufzeichnungen der nahverwandten Sprache Norn ist Jákup {Jakobsen}
3%
P Erste Ministerpräsidentin der Färöer 1993-1994 Marita Petersen
3%
Keine übereinstimmenden Quizze gefunden
Verteilung der Resultate
Anzahl Personen mit jedem Resultat
Perzentil nach korrekt beantworteten Fragen
Ihre Resultats-Entwicklung
Sie haben dieses Quiz noch nicht gespielt